000 00984 a2200169 4500
003 Nust
005 20230503074455.0
040 _cNust
082 _a927.12,STE
100 _a Barrie,Abdul Ghani Ahmed
_9112047
245 _aA-Z steps to Leadership :
_bfrom the Quran and words of the Prophet Muhammad /
_cAbdul Ghani Ahmed Barrie
260 _aIndia
_bGoodword Books
_c1997
300 _a58
505 _aAbility (Page-9),Bravery (Page-11), Calmness (Page-13), Dependability(Page-15),Exemplariness (Page-17),Fairness (Page-20), Genuineness (Page-22), Honesty (Page-24), Initiative (Page-26),Judgment (Page-28),Knowledge(Page-30), Liberalism (Page-33),Modesty (Page-35), Nobility (Page-37), Organization (Page-39),Personality (Page-42), Quality (Page-43), Responsibility (Page-44), Sacrifice (Page-46),Teamwork (Page-48), Understanding (Page-50),Versatility (Page-52),Wisdom (Page-54),Youth (Page-56), Zeal(Page-58).
650 _aA-Z steps to leadership
_9112048
942 _2ddc
_cBK
999 _c186953
_d186953